Αισθητικά δοκίμια
Αποθηκεύτηκε σε:
| Κύριος συγγραφέας: | |
|---|---|
| Μορφή: | Βιβλίο |
| Γλώσσα: | Greek |
| Δημοσίευση: |
Αθήνα :
Δίπτυχο,
1975
|
| Θέματα: | |
| Ετικέτες: |
Προσθήκη ετικέτας
Δεν υπάρχουν, Καταχωρήστε ετικέτα πρώτοι!
|
MARC
| LEADER | 00000cam a2200000 i 4500 | ||
|---|---|---|---|
| 001 | 1/89941 | ||
| 008 | 080626s1975 gre d | ||
| 035 | |l 10098502 | ||
| 040 | |a GR-MY-UA |b gre |e aacr | ||
| 041 | 1 | |a gre | |
| 082 | 0 | |a 701.17 |2 (22) | |
| 100 | 1 | |a Ανδριανόπυλος, Δ.Ζ. | |
| 245 | 1 | 0 | |a Αισθητικά δοκίμια / |c Δ.Σ. Ανδριανόπουλος |
| 260 | |a Αθήνα : |b Δίπτυχο, |c 1975 | ||
| 300 | |a 98 σ.; |c 21 εκ. | ||
| 650 | 0 | 0 | |a Aesthetics, Modern. |
| 852 | |a INST |b RHODES |c AKA |e 20080701 |h 701.17 ΑΝΔ |p 005400028900 |q 005400028900 |t BK |y 0 | ||
| 901 | |a BIBL4-2008-2 | ||
| 909 | |a Ρ |b 150302 | ||
| 970 | |a ΜΙΣΣΟΣ |b ΣΤΑΥΡΟΣ |z 2008/06/26 | ||